| 000 | 05424namaa22004451i 4500 | ||
|---|---|---|---|
| 003 | EG-GICUC | ||
| 005 | 20260421103432.0 | ||
| 008 | 260421s2025 ua a|||frm||| 000 0 eng d | ||
| 040 |
_aEG-GICUC _beng _cEG-GICUC _dEG-GICUC _erda |
||
| 041 | 0 |
_aeng _beng _bara |
|
| 049 | _aDeposit | ||
| 082 | 0 | 4 | _a636.089692 |
| 092 |
_a636.089692 _221 |
||
| 097 | _aM.Sc | ||
| 099 | _aCai01.10.10.M.Sc.2025.Ma.M | ||
| 100 | 0 |
_aMayson Hamdy Abd El-Aziz Nagy, _epreparation. |
|
| 245 | 1 | 0 |
_aMolecular characterization and antimicrobial susceptibility of bacterial causes isolated fromotitis in pet Animals / _cby Mayson Hamdy Abd El-Aziz Nagy ; Supervisors Prof. Dr. Mahmoud El-Sayed Hashad, Prof. Dr. Sherif Abd El Monem Marouf, Prof. Dr. Soliman Mohamed Soliman. |
| 246 | 1 | 5 | _aالتوصيف الجزيئي وحساسية مضادات الميكروبات للأسباب البكتيرية المعزولة من التهاب الأذن في الحيوانات الأليفة |
| 264 | 0 | _c2025. | |
| 300 |
_a54 pages : _billustrations ; _c25 cm. + _eCD. |
||
| 336 |
_atext _2rda content |
||
| 337 |
_aUnmediated _2rdamedia |
||
| 338 |
_avolume _2rdacarrier |
||
| 502 | _aThesis (M.Sc)-Cairo University, 2025. | ||
| 504 | _aBibliography: pages 45-54. | ||
| 520 | 3 | _aThe aetiology of otitis in dogs and cats is multifactorial and complex, involving bacterial and fungal pathogens. As empiric antimicrobial prescription is a common practice when treating such cases, antimicrobial resistance may represent a complicating factor. This study aimed to describe the microbiological features and susceptibility profiles of pathogens associated with 212 cases of external otitis, comprising 118 dogs and 94 cats. The specimens were processed to identify bacterial aetiologies following standard microbiological methods. Antimicrobial susceptibility was determined in vitro against 11 antibiotics based on the CLSI standardized procedures and interpretation criteria. PCR screening of isolated bacteria revealed that E. coli and K. pneumoniae harbored ESBL genes like blaTEM, blaCTX-M, and other resistance genes aadB and qnrB. Likewise, the other Gram-negative isolates of P. aeruginosa and P. mirabilis were also positive for the same resistance genes. Gram- positive S. aureus harbored blaZ and norA resistance genes. The presence of emerging rates of multidrug resistance observed in almost all of the isolates may alert for a near future of challenging veterinary cases unresponsive to first-line antimicrobials. | |
| 520 | 3 | _aإن مسببات التهاب الأذن لدى الكلاب والقطط متعددة العوامل ومعقدة، وتشمل مسببات الأمراض البكتيرية والفطرية. ونظرًا لأن وصف مضادات الميكروبات التجريبية ممارسة شائعة في علاج مثل هذه الحالات، فقد تُمثل مقاومة مضادات الميكروبات عاملًا مُعقّدًا. هدفت هذه الدراسة إلى وصف السمات الميكروبيولوجية وملامح حساسية مسببات الأمراض المرتبطة بـ 212 حالة من التهاب الأذن الخارجية، شملت 118 كلبًا و94 قطة. عولجت العينات لتحديد مسببات الأمراض البكتيرية باتباع الطرق الميكروبيولوجية القياسية. حُددت حساسية مضادات الميكروبات في المختبر ضد 11 مضادًا حيويًا بناءً على إجراءات CLSI القياسية ومعايير التفسير. كشف فحص تفاعل البوليميراز المتسلسل (PCR) للبكتيريا المعزولة أن الإشريكية القولونية والكلبسيلية الرئوية تحملان جينات ESBL مثل blaTEM وblaCTX-M، وجينات مقاومة أخرى مثل aadB وqnrB. وبالمثل، أظهرت عزلات أخرى سلبية الغرام من الزائفة الزنجارية والزائفة المعجزة جينات مقاومة موجبة. احتوت المكورات العنقودية الذهبية موجبة الغرام على جينات مقاومة blaZ وnorA. قد يُنذر وجود معدلات ناشئة لمقاومة الأدوية المتعددة، الملحوظة في جميع العزلات تقريبًا، بحالات بيطرية صعبة لا تستجيب لمضادات الميكروبات من الخط الأول في المستقبل القريب. | |
| 530 | _aIssues also as CD. | ||
| 546 | _aText in English and abstract in Arabic & English. | ||
| 650 | 0 | _ataphylococcus aureus infections | |
| 650 | 0 | _aعدوى المكورات العنقودية | |
| 653 | 1 |
_aAntimicrobial _aear infections _apets _aPseudomonas aeruginosa _aStaphylococcus aureus _aK. pneumonia _ablaTEM _ablaCTX-M _aP. aeruginosa _aS. aureus _ablaZ _aمضاد للميكروبات _aالتهاب الأذن |
|
| 700 | 0 |
_aMahmoud El-Sayed Hashad _ethesis advisor. |
|
| 700 | 0 |
_aSherif Abd El Monem Marouf, _ethesis advisor. |
|
| 700 | 0 |
_aSoliman Mohamed Soliman _ethesis advisor. |
|
| 900 |
_b01-01-2025 _cMahmoud El-Sayed Hashad _cSherif Abd El Monem Marouf _cSoliman Mohamed Soliman _UCairo University _FFaculty of Veterinary Medicine _DDepartment of Microbiology |
||
| 905 | _aShimaa | ||
| 942 |
_2ddc _cTH _e21 _n0 |
||
| 999 | _c179639 | ||